Score 0/10 Timer 02:00
1 Play Today
Hint 5-letter word % Correct
Bowl for washing; sinkBASIN
77.7%
Soviet Union creatorLENIN
70.8%
Precursor to amberRESIN
63.9%
Hart or Durant?KEVIN
59.5%
One of the lowest titles of nobilityBARON
59%
Meat from a pig?BACON
58.3%
Combination of Haitian voodoo/folk music with rock & rollRASIN
52.2%
Blood pressure regulatorRENIN
50.3%
Friend to Flash Gordon and lover of Princess AuraBARIN
49.8%
Long-time Michigan SenatorLEVIN
48.5%

Today's Daily Dose

Missing Word
I Hardly Know Her!

Word Ladder
Sentence Ending

Quick Pick
Female Firsts

Get the Picture
Triathlon Sports

Remove Ads.
Support Sporcle.
Get the best of Sporcle when you Go Orange. This ad-free experience offers more features, more stats, and more fun while also helping to support Sporcle. Thank you for becoming a member.

You're not logged in!

Compare scores with friends on all Sporcle quizzes.
OR
Log In

Show Comments

Extras

Top Quizzes Today


Score Distribution

Your Account Isn't Verified!

In order to create a playlist on Sporcle, you need to verify the email address you used during registration. Go to your Sporcle Settings to finish the process.

Report this User

Report this user for behavior that violates our Community Guidelines.

Details: